| 000 | 00745ntm a22002057a 4500 | ||
|---|---|---|---|
| 005 | 20170809113403.0 | ||
| 008 | 170802s2014 xx a frb 000 0 eng d | ||
| 040 |
_aEG-ScBUE _beng _cEG-ScBUE |
||
| 082 | 0 | 4 |
_222 _a624 _bBAG |
| 100 | 1 | _aBaghdady, Sherif Abdul Rahman Khaleel. | |
| 245 | 1 | 0 |
_aDesign Project / _cSherif Abdul Rahman Khaleel Al Baghdady. |
| 260 | _c2014. | ||
| 300 |
_a189 p. : _bill. (col.) ; _c28 cm. |
||
| 500 | _aA project submitted to the faculty of Engineering, the British university in Egypt, in partial fulfillment of the requirements of the Bachelor degree in Civil Engineering. | ||
| 590 | _aAngham. | ||
| 650 | 7 |
_2BUEsh _aCivil Engineering _vProjects |
|
| 653 |
_bENGCIV _cAugust2017 |
||
| 655 | _vSPRO | ||
| 942 | _2ddc | ||
| 999 |
_c25304 _d25276 |
||